<?xml version="1.0" encoding="UTF-8"?>
<record
    xmlns:xsi="http://www.w3.org/2001/XMLSchema-instance"
    xsi:schemaLocation="http://www.loc.gov/MARC21/slim http://www.loc.gov/standards/marcxml/schema/MARC21slim.xsd"
    xmlns="http://www.loc.gov/MARC21/slim">

  <leader>03968nam a22003377a 4500</leader>
  <controlfield tag="001">287</controlfield>
  <controlfield tag="003">OSt</controlfield>
  <controlfield tag="005">20250528074017.0</controlfield>
  <controlfield tag="008">250317b        |||||||g |||| 00| 1 eng d</controlfield>
  <datafield tag="020" ind1=" " ind2=" ">
    <subfield code="a">9786555980004</subfield>
  </datafield>
  <datafield tag="040" ind1=" " ind2=" ">
    <subfield code="b">por</subfield>
  </datafield>
  <datafield tag="041" ind1=" " ind2=" ">
    <subfield code="h">eng</subfield>
    <subfield code="a">por</subfield>
  </datafield>
  <datafield tag="082" ind1=" " ind2=" ">
    <subfield code="a">823</subfield>
    <subfield code="b">W671r</subfield>
  </datafield>
  <datafield tag="100" ind1="1" ind2=" ">
    <subfield code="a">Wilde, Oscar,</subfield>
    <subfield code="d">1854-1900</subfield>
    <subfield code="9">537</subfield>
  </datafield>
  <datafield tag="240" ind1=" " ind2=" ">
    <subfield code="a">The picture of Dorian Gray</subfield>
  </datafield>
  <datafield tag="245" ind1=" " ind2=" ">
    <subfield code="a">O retrato de Dorian Gray / </subfield>
    <subfield code="c">Wilde, Oscar ; Tradu&#xE7;&#xE3;o de Paulo Cecconi e Notas de Luiz Gasparelli Jr.</subfield>
  </datafield>
  <datafield tag="260" ind1=" " ind2=" ">
    <subfield code="a">Rio de Janeiro</subfield>
    <subfield code="b">DarkSide</subfield>
    <subfield code="c">2021</subfield>
  </datafield>
  <datafield tag="300" ind1=" " ind2=" ">
    <subfield code="a">318 p.</subfield>
  </datafield>
  <datafield tag="520" ind1=" " ind2=" ">
    <subfield code="a">Londres, 1890. Entre m&#xE9;dicos e monstros, assassinatos e mist&#xE9;rios, uma hist&#xF3;ria sobre imortalidade, beleza e criminalidade &#xE9; criada por uma das mentes mais indom&#xE1;veis da hist&#xF3;ria da literatura. O Retrato de Dorian Gray, a hist&#xF3;ria da pintura maldita que se degrada com a passagem das d&#xE9;cadas, deixando o seu modelo intocado pelo tempo, finalmente adentra a galeria da DarkSide Books em uma edi&#xE7;&#xE3;o feita para agraciar admiradores e arrebatar novos leitores. &#xDA;nico romance de Oscar Wilde, O Retrato de Dorian Gray combina o apuro liter&#xE1;rio e est&#xE9;tico de seu autor com uma trama sombria, pontuada por paix&#xF5;es, crimes e a brilhante e sarc&#xE1;stica verve wildeana. Publicado em 1890 na revista norte-americana Lippincott&#x2019;s, o romance foi relan&#xE7;ado em livro um ano depois em uma edi&#xE7;&#xE3;o que censurou diversos trechos da obra. Dorian Gray primeiramente ofendeu uma gera&#xE7;&#xE3;o vitoriana que encontrou na rela&#xE7;&#xE3;o entre os amigos Dorian, o jovem retratado, Basil, o pintor apaixonado, e Henry, o lorde c&#xED;nico, &#x201C;o amor que n&#xE3;o ousava dizer o seu nome&#x201D;. Depois, fascinou leitores, cr&#xED;ticos e artistas, que viram no enredo que remete ao mito de Fausto o Evangelho de um decadentismo que acredita em uma vida de arte, prazer e fasc&#xED;nio sensorial. Tudo isso em meio a um fim de s&#xE9;culo no qual a conven&#xE7;&#xE3;o e a moralidade corro&#xED;am qualquer prazer que a exist&#xEA;ncia humana poderia desfrutar.
Organizada por En&#xE9;ias Tavares &#x2014; que al&#xE9;m de autor da casa, &#xE9; professor e pesquisador &#x2014; a edi&#xE7;&#xE3;o especial da DarkSide Books vem repleta de conte&#xFA;dos exclusivos. Paulo Cecconi assina a nova tradu&#xE7;&#xE3;o, que teve como base a edi&#xE7;&#xE3;o original publicada na revista Lippincott&#x2019;s e sem censura. O pesquisador Luiz Gasparelli Jr., especialista em Wilde, contribui com notas que aprofundam a experi&#xEA;ncia de leitura, repletas de dados biogr&#xE1;ficos, refer&#xEA;ncias culturais e apontamentos sobre o processo criativo de seu autor. A edi&#xE7;&#xE3;o da Caveira traz ainda o dossi&#xEA; &#x201C;Retratos de Oscar Wilde&#x201D;, com registros fotogr&#xE1;ficos do autor, as duras resenhas que o romance recebeu, o apimentado debate entre os cr&#xED;ticos e o pr&#xF3;prio Wilde e um texto de Gasparelli sobre os julgamentos que levaram Wilde &#xE0; pris&#xE3;o em 1895. A edi&#xE7;&#xE3;o inclui ainda seu ensaio &#x201C;Caneta, Tinta e Veneno&#x201D; e uma sele&#xE7;&#xE3;o de poemas compilada e traduzida por Tavares, al&#xE9;m das ilustra&#xE7;&#xF5;es originais do pintor e impressor Henry Keen, produzidas em 1925 para a edi&#xE7;&#xE3;o norte-americana deste cl&#xE1;ssico. O Retrato de Dorian Gray &#xE9; um romance sobre a destrui&#xE7;&#xE3;o da vida atrav&#xE9;s da perfei&#xE7;&#xE3;o da arte, dos pre&#xE7;os que pagamos pelos crimes deixados em segredo, das paix&#xF5;es nominadas e inomin&#xE1;veis que transformam quem somos naquilo que dever&#xED;amos ser, n&#xE3;o pelos outros e sim por n&#xF3;s mesmos. Com seu romance, Oscar Wilde pede que reinventemos a n&#xF3;s mesmos pela arte, a beleza e a paix&#xE3;o, justamente o que a sociedade e a moralidade desaconselham. Assim como Dorian, voc&#xEA; tamb&#xE9;m colocaria a arte, o prazer e o desejo acima de todas as coisas?</subfield>
  </datafield>
  <datafield tag="650" ind1=" " ind2="0">
    <subfield code="a">Literatura Inglesa</subfield>
    <subfield code="9">89</subfield>
  </datafield>
  <datafield tag="650" ind1=" " ind2="0">
    <subfield code="a">Sobrenatural</subfield>
    <subfield code="9">538</subfield>
  </datafield>
  <datafield tag="650" ind1=" " ind2="0">
    <subfield code="a">Fantasia</subfield>
    <subfield code="9">45</subfield>
  </datafield>
  <datafield tag="650" ind1=" " ind2="0">
    <subfield code="a">Suspense</subfield>
    <subfield code="9">10</subfield>
  </datafield>
  <datafield tag="650" ind1=" " ind2="0">
    <subfield code="a">Filme</subfield>
    <subfield code="9">26</subfield>
  </datafield>
  <datafield tag="650" ind1=" " ind2="0">
    <subfield code="a">Cl&#xE1;ssicos</subfield>
    <subfield code="9">77</subfield>
  </datafield>
  <datafield tag="655" ind1=" " ind2="0">
    <subfield code="a">Romance</subfield>
    <subfield code="9">23</subfield>
  </datafield>
  <datafield tag="655" ind1=" " ind2="0">
    <subfield code="a">Fic&#xE7;&#xE3;o </subfield>
    <subfield code="9">22</subfield>
  </datafield>
  <datafield tag="700" ind1=" " ind2=" ">
    <subfield code="a">Paulo Cecconi </subfield>
    <subfield code="e">Tradu&#xE7;&#xE3;o</subfield>
    <subfield code="9">539</subfield>
  </datafield>
  <datafield tag="700" ind1=" " ind2=" ">
    <subfield code="a">Luiz Gasparelli Jr. </subfield>
    <subfield code="e">Notas</subfield>
    <subfield code="9">540</subfield>
  </datafield>
  <datafield tag="942" ind1=" " ind2=" ">
    <subfield code="2">ddc</subfield>
    <subfield code="n">0</subfield>
    <subfield code="c">BK</subfield>
  </datafield>
  <datafield tag="952" ind1=" " ind2=" ">
    <subfield code="0">0</subfield>
    <subfield code="1">0</subfield>
    <subfield code="2">ddc</subfield>
    <subfield code="4">0</subfield>
    <subfield code="7">0</subfield>
    <subfield code="8">FIC</subfield>
    <subfield code="a">BIBIB</subfield>
    <subfield code="b">BIBIB</subfield>
    <subfield code="c">LE</subfield>
    <subfield code="d">2025-03-17</subfield>
    <subfield code="e">doa&#xE7;&#xE3;o</subfield>
    <subfield code="l">0</subfield>
    <subfield code="o">823 / W671r</subfield>
    <subfield code="p">2025-17242</subfield>
    <subfield code="r">2025-03-17 09:42:16</subfield>
    <subfield code="t">Ex. 01</subfield>
    <subfield code="w">2025-03-17</subfield>
    <subfield code="y">BK</subfield>
  </datafield>
  <datafield tag="999" ind1=" " ind2=" ">
    <subfield code="c">287</subfield>
    <subfield code="d">287</subfield>
  </datafield>
</record>
